Internet : První kroky českého uživatele /

Salvato in:
Dettagli Bibliografici
Autori principali: Kosek, Jiří (Autore), Janíková, Veronika (Autore)
Natura: Libro
Lingua:ceco
Pubblicazione: Praha : Grada, 1996
Tags: Aggiungi Tag
Nessun Tag, puoi essere il primo ad aggiungerne!!

MARC

LEADER 00000nam a22000003a 4500
001 stu30232
005 20150617225735.2
008 970411s1996----cs------------------cze-d
020 |a 80-7169-421-5 
040 |a STU  |b slo 
041 0 |a cze 
044 |a cs 
080 |a 519.711 
100 1 |a Kosek, Jiří  |4 aut 
245 1 |a Internet :  |b První kroky českého uživatele /  |c [aut]Kosek,Jiří;Janíková,Veronika 
260 |a Praha :  |b Grada,  |c 1996 
300 |a 125 s 
700 1 |a Janíková, Veronika  |4 aut 
996 |b 284V028142  |c V*44243/O-19260  |l VVT  |s A  |a 24  |w stu30232_0001 
996 |b 284V008092  |c V*44244/O-19260a  |l VVS  |s A  |a 24  |w stu30232_0002